[Event "FRA-ch op-B"]
[Site "Agen"]
[Date "2016.??.??"]
[Round "1"]
[White "Lebon, Kevin"]
[Black "Lorenter, Patrick"]
[Result "1-0"]
[WhiteElo "1792"]
[BlackElo "1651"]
[PlyCount "99"]
[EventDate "2016.08.12"]
[EventType "swiss"]
[EventRounds "9"]
[EventCountry "FRA"]
[SourceTitle "EXT 2017"]
[Source "ChessBase"]
[SourceDate "2016.10.25"]
[SourceVersion "1"]
[SourceVersionDate "2016.10.25"]
[SourceQuality "1"]

1. Nf3 d6 2. b3 Nf6 3. Bb2 e5 4. d3 g6 5. g3 Bg7 6. Bg2 0-0 7. 0-0 c6 8. c4 Bg4 9. h3 Bxf3 10. Bxf3 Re8 11. Nd2 Qd7 12. Kh2 Na6 13. Rc1 Rac8 14. a3 Nc5 15. b4 Ne6 16. e3 Ng5 17. Bg2 h5 18. Ne4 Ngxe4 19. dxe4 Rcd8 20. Qb3 Qe6 21. Rfd1 Re7 22. Rc3 Red7 23. Rcd3 Bf8 24. Qc3 Bg7 25. Qc2 Bh6 26. R3d2 g5 27. Qc3 g4 28. h4 Kh7 29. a4 Ne8 30. c5 Bg7 31. Bf1 dxc5 32. Rxd7 Rxd7 33. Rxd7 Qxd7 34. Qxc5 Qd2 35. Bxe5 Qxf2+ 36. Bg2 Bxe5 37. Qxe5 Ng7 38. Qe7 Qa2 39. Qxb7 Qxa4 40. Qxf7 Qxb4 41. Qxa7 Qd6 42. e5 Qxe5 43. Bxc6 Qb2+ 44. Bg2 Kg6 45. Qe7 Qa2 46. e4 Qe6 47. Qg5+ Kf7 48. e5 Qa2 49. e6+ Nxe6 50. Qxh5+ 1-0

[Event "FRA-ch op-B"]
[Site "Pau"]
[Date "2012.08.22"]
[Round "8"]
[White "Bandet, Raphael"]
[Black "Lebon, Kevin"]
[Result "0-1"]
[WhiteElo "1925"]
[BlackElo "1839"]
[PlyCount "78"]
[EventDate "2012.08.14"]
[EventType "swiss"]
[EventRounds "11"]
[EventCountry "FRA"]
[SourceTitle "EXT 2013"]
[Source "ChessBase"]
[SourceDate "2012.11.22"]
[SourceVersion "1"]
[SourceVersionDate "2012.11.22"]
[SourceQuality "1"]

1. e4 e5 2. Nf3 Nc6 3. Bc4 Nf6 4. d3 Be7 5. c3 0-0 6. 0-0 d5 7. exd5 Nxd5 8. h3 Nb6 9. Bb3 Bf5 10. Bc2 Qd6 11. Nbd2 Qg6 12. Ne4 Rad8 13. Qe2 Bxh3 14. Ng3 Bg4 15. Re1 Kh8 16. Nxe5 Nxe5 17. Qxe5 Bd6 18. Qe3 h6 19. b3 Nd5 20. Qxa7 Bxg3 21. fxg3 Nxc3 22. Qe3 Rde8 23. Qxe8 Rxe8 24. Rxe8+ Kh7 25. Re1 Ne2+ 26. Kf2 Qf5+ 27. Bf4 Qc5+ 28. Be3 Qxc2 29. Rad1 Qb2 30. d4 Qc2 31. Rf1 Qe4 32. Rd2 Nxg3 33. Re1 Nh5 34. d5 Nf6 35. d6 cxd6 36. Rxd6 Be6 37. Rd4 Ng4+ 38. Kg1 Qe5 39. Rb4 Nxe3 0-1